000 00935nam a2200445 a 4500
000 BKB
001 154500
005 20200902161259.0
008 170328 ### HIN
010 _a
020 _a9788173197833
082 _a620.00151
_bZ65A
100 _aZill, Dennis G.
110 _a
245 _aAdvanced engineering mathematics
_cby Dennis G. Zill and Michael R. Cullen
250 _a3rd ed.
260 _aNew Delhi
_bNarosa Publishing House
_c2010
300 _a929p.
490 _a
_v
500 _a
600 _a
610 _a
611 _a
630 _a
650 _a
651 _a
654 _a
690 _aEngineering mathematics
700 _aCullen, Michael R.
_b
_c
710 _a
_b
_c
711 _a
720 _a
730 _a
740 _a
752 _a
856 _d
_f
904 _a
964 _a
_bENG
_c
_d
_e
_f
_g
965 _a
999 _c17023
_d17023